Surowce energetyczne - Statystyki

Ogólne statystyki
  • Ten quiz został rozwiązany 1 088 razy
  • Średni wynik to 37 z 50
Statystyki odpowiedzi
Odpowiedź % Poprawnych
3 Rosja
98%
2 Rosja
98%
7 Rosja
98%
4 Rosja
98%
6 Rosja
98%
1 Stany Zjednoczone
98%
1 Stany Zjednoczone
98%
2 Stany Zjednoczone
98%
5 Stany Zjednoczone
98%
8 Stany Zjednoczone
98%
9 Polska
96%
6 Polska
96%
4 Chiny
95%
6 Chiny
95%
1 Chiny
95%
9 Chiny
95%
1 Niemcy
93%
2 Arabia Saudyjska
91%
8 Arabia Saudyjska
91%
5 Kanada
89%
5 Kanada
89%
2 Kanada
89%
3 Indie
81%
7 Iran
81%
3 Iran
81%
5 Australia
78%
8 Australia
78%
3 Australia
78%
6 Irak
77%
6 Republika Południowej Afryki
73%
8 Kazachstan
72%
1 Kazachstan
72%
7 Norwegia
72%
10 Ukraina
72%
4 Katar
71%
9 Kuwejt
61%
8 Zjednoczone Emiraty Arabskie
61%
7 Turcja
59%
10 Wenezuela
58%
4 Indonezja
57%
9 Indonezja
57%
4 Niger
47%
9 Algieria
41%
7 Uzbekistan
41%
3 Rumunia
37%
10 Turkmenistan
32%
10 Grecja
29%
2 Bułgaria
28%
5 Namibia
20%
10 Malawi
10%
Nie znaleziono quizów pasujących do podanych kryteriów
Rozkład punktacji
Procent ludzi z każdym wynikiem
Percentyl według liczby udzielonych odpowiedzi
Twoja historia wyników
Nie rozwiązałeś tego quizu